| 000 | 00558cam a22002292a 4500 | ||
|---|---|---|---|
| 001 | 025862 | ||
| 003 | AR-FADEU | ||
| 008 | 311216n1977####xxu####################dd | ||
| 020 | _a0-00-355328-2 | ||
| 092 |
_a823.914 _bC555an |
||
| 100 | _aChristie, Agatha | ||
| 245 | _aAn autobiography | ||
| 260 | _aNew York | ||
| 260 | _bFontana | ||
| 260 | _bCollins | ||
| 260 | _c1977 | ||
| 300 | _a559 p | ||
| 440 |
_aThe thing shes ever writtenwoman´s own _n5328 |
||
| 650 | _aLITERATURA INGLESA-SIGLO XX; NOVELA | ||
| 546 | _aInglés | ||
| 942 | _cBDGR | ||
| 999 |
_c31546 _d31546 |
||